| 000 | 00000nam##2200000za#4500 |
| 001 | 9.665476 |
| 003 | CaOODSP |
| 005 | 20210903143356 |
| 007 | ta |
| 008 | 150407|2004||||xxc||||| f|0| 0 fre|d |
| 020 | |a0-662-68160-6 |
| 040 | |aCaOODSP|bfre |
| 041 | |aeng |
| 041 | |afre |
| 043 | |an-cn--- |
| 086 | 1 |aTT4-4/2004 |
| 110 | 2 |aOffice des transports du Canada. |
| 245 | 10|aCode de pratiques - l'élimination des entraves à la communication avec les personnes ayant une déficience |
| 260 | |aOttawa - Ontario : |bOffice des transports du Canada |c2004. |
| 300 | |aTexte français, 34p. ; |c28 cm. |
| 500 | |aTitre de la couverture. |
| 520 | 3 |aCe code établit les normes minimales que les fournisseurs de services de transport devraient respecter quand ceux-ci communiquent des renseignements aux personnes ayant une déficience. Il s’applique aux transporteurs aériens, aux exploitants d’aérogares, aux transporteurs ferroviaires, aux exploitants de gares ferroviaires et aux exploitants de traversiers. |
| 563 | |aCouverture souple |
| 590 | |a04-27|b2004-07-02 |
| 691 | 07|aTransport accessible|2gcpds |
| 776 | 0#|tCode de pratiques - l'élimination des entraves à la communication avec les voyageurs ayant une déficience |w(CaOODSP)9.631418 |
| 776 | 0#|tCode of practice - removing communication barriers for travellers with disabilities |w(CaOODSP)9.686954 |
| 791 | |tCode of practice - removing communication barriers for travellers with disabilities |eeng|w(CaOODSP)9.665475 |